Składy w meczu Liverpool-Chelsea 2-1 - Statystyki

Ogólne statystyki
  • Ten quiz został rozwiązany 75 razy
  • Średni wynik to 19 z 34
Statystyki odpowiedzi
Odpowiedź % Poprawnych
11 Salah
96%
11 Palmer
93%
11 Van dijk
87%
11 Robertson
81%
11 Sanchez
81%
11 Kelleher
79%
11 Konate
79%
11 Alexander arnold
75%
11 Gakpo
75%
-> Mac Allister
75%
11 Jackson
73%
-> Nunez
72%
11 Caicedo
70%
11 Jota
70%
11 James
69%
11 Szoboszlai
69%
11 Jones
67%
11 Gravenberch
63%
11 Madueke
54%
11 Gusto
52%
11 Sancho
51%
-> Enzo Fernandez
45%
~ Slot
45%
-> Badiashile
43%
11 Colwill
43%
-> Neto
40%
~ Maresca
39%
-> Nkunku
36%
11 Lavia
34%
-> Luis Diaz
33%
11 Adarabioyo
28%
-> Joe Gomez
16%
-> Veiga
15%
; John Brooks
4%
Nie znaleziono quizów pasujących do podanych kryteriów
Rozkład punktacji
Procent ludzi z każdym wynikiem
Percentyl według liczby udzielonych odpowiedzi
Twoja historia wyników
Nie rozwiązałeś tego quizu